000 00883nas a2200289 4500
001 BR2011002907
003 BR-BrBNA
005 20231205114957.0
007 ta
008 230509b bl.|||p| |||| 00| 00por d
040 _aBR-BrBNA
_bpor
_cBiblioteca Nacional de Agricultura
041 _a(Pt)
072 _aL73; L72
100 1 _aBenites, A.P.
100 1 _aFernandes, C.E.
100 1 _aBrum, K.B.
100 1 _aAbdo, M.A.G.S.
245 1 _aPresença de formas amastigotas de Leishmania chagasi e perfil leucocitário no aparelho reprodutivo de cães
650 _aCÃO
650 _aPROTOZOÁRIO
650 _aLEISHMANIOSE
650 _aLEUCÓCITO
650 _aTESTÍCULO
773 0 _tPesquisa Veterinária Brasileira (Brazil)
_xISSN 0100-736X
_g(Jan 2011), v. 31(1) p. 72-77
_wBR2011002907
909 _a202311
_bLúcia
_c55
_dLúcia Elande
942 _2AGRIS
_n0
_cANA
999 _c211509
_d211509